Calila y Dimna : (Registro nro. 14234)

000 -CABECERA
campo de control de longitud fija 01199nam a2200337 i 4500
003 - IDENTIFICADOR DEL NÚMERO DE CONTROL
campo de control CO-MqBPB
005 - FECHA Y HORA DE LA ÚLTIMA TRANSACCIÓN
campo de control 20220524145845.0
007 - CAMPO FIJO DE DESCRIPCIÓN FÍSICA--INFORMACIÓN GENERAL
campo de control de longitud fija ta
008 - DATOS DE LONGITUD FIJA--INFORMACIÓN GENERAL
campo de control de longitud fija 210805s2019 ck a jr 000 j spa d
020 ## - NÚMERO INTERNACIONAL ESTÁNDAR DEL LIBRO
Número Internacional Estándar del Libro 9789583058868
040 ## - FUENTE DE LA CATALOGACIÓN
Centro catalogador/agencia de origen CO-MqBPB
Lengua de catalogación spa
Centro/agencia transcriptor CO-MqBPB
Normas de descripción rda
041 0# - CÓDIGO DE LENGUA
Código de lengua del texto/banda sonora o título independiente spa
082 ## - NÚMERO DE LA CLASIFICACIÓN DECIMAL DEWEY
Número de clasificación AC
Número de documento/Ítem BAIc
084 ## - OTRO NÚMERO DE CLASIFICACIÓN
Número de clasificación C BAI1
100 1# - ENTRADA PRINCIPAL--NOMBRE DE PERSONA
Nombre de persona Báidaba
Término indicativo de función/relación autor
9 (RLIN) 64405
245 10 - MENCIÓN DE TÍTULO
Título Calila y Dimna :
Resto del título El libro del soberano y del Político /
Mención de responsabilidad, etc. Báidaba ; versión directa del árabe y presentación Antonio Chalita Sfair
250 ## - MENCIÓN DE EDICIÓN
Mención de edición Segunda edición
Resto de la mención de edición Primera Re impresión
264 #1 - PRODUCCIÓN, PUBLICACIÓN, DISTRIBUCIÓN, FABRICACIÓN Y COPYRIGHT
Producción, publicación, distribución, fabricación y copyright Bogotá D. C. , Colombia
Nombre del de productor, editor, distribuidor, fabricante Panamericana Formas e Impresos
Fecha de producción, publicación, distribución, fabricación o copyright 2022
300 ## - DESCRIPCIÓN FÍSICA
Extensión 347 páginas
Otras características físicas ilustraciones
Dimensiones 21 cm
336 ## - TIPO DE CONTENIDO
Término de tipo de contenido texto
Código de tipo de contenido txt
Fuente rdacontent
337 ## - TIPO DE MEDIO
Nombre/término del tipo de medio sin mediación
Código del tipo de medio n
Fuente rdamedia
338 ## - TIPO DE SOPORTE
Nombre/término del tipo de soporte volumen
Código del tipo de soporte nc
Fuente rdacarrier
490 0# - MENCIÓN DE SERIE
Mención de serie Literatura Universal
504 ## - NOTA DE BIBLIOGRAFÍA, ETC.
Nota de bibliografía, etc. Incluye referencias bibliográficas
521 ## - NOTA DE PÚBLICO DESTINATARIO
Nota de público destinatario Recomendado para un público mayor de 15 años
650 17 - PUNTO DE ACCESO ADICIONAL DE MATERIA--TÉRMINO DE MATERIA
Término de materia o nombre geográfico como elemento de entrada Cuentos hindúes
Fuente del encabezamiento o término ARMARC
9 (RLIN) 64406
650 17 - PUNTO DE ACCESO ADICIONAL DE MATERIA--TÉRMINO DE MATERIA
Término de materia o nombre geográfico como elemento de entrada Literatura hindu
Fuente del encabezamiento o término ARMARC
9 (RLIN) 178536
650 17 - PUNTO DE ACCESO ADICIONAL DE MATERIA--TÉRMINO DE MATERIA
Término de materia o nombre geográfico como elemento de entrada Fábulas hindúes
Fuente del encabezamiento o término ARMARC
9 (RLIN) 178537
700 1# - PUNTO DE ACCESO ADICIONAL--NOMBRE DE PERSONA
Nombre de persona Chalita Sfair, Antonio
Término indicativo de función/relación traductor
9 (RLIN) 11256
942 ## - ELEMENTOS DE PUNTO DE ACCESO ADICIONAL (KOHA)
Fuente del sistema de clasificación o colocación
Tipo de ítem Koha Libro Literatura
Existencias
Estado de retiro Estado de pérdida Fuente del sistema de clasificación o colocación Estado dañado No para préstamo Localización permanente Ubicación/localización actual Fecha de adquisición Fuente de adquisición Número de inventario Total de préstamos Signatura topográfica completa Código de barras Fecha visto por última vez Número de copia Precio válido a partir de Tipo de ítem Koha Nota pública
          Biblioteca Pública San Juan Bosco Biblioteca Pública San Juan Bosco 24/05/2022 Compra BPSJBM 2022 101223   AC BAIc MOS502285 24/05/2022 EJ. 1 24/05/2022 Libro Literatura Quince días

© Todos los derechos reservados para la Biblioteca Pública Municipal San Juan Bosco, 2020
Secretaria de Cultura de Mosquera
Carrera 3 N° 10 Esquina Centro Cultural Barrio El Carmén Teléfono: 8270830 Ext: 34
Funcionando con KOHA
Contacto: Biblioteca Pública Municipal San Juan Bosco/ bibliotecasanjuanbosco@mosquera-cundinamarca.gov.co
Mosquera, Cundinamarca